000 00643cam a22002173a 4500
001 43852
003 PGUSA
005 20140828084011.0
008 130930s2013||||xxu|||||s|||||000 | eng d
040 _aPGUSA
_beng
042 _adc
100 1 _aVertot, Abbot de
_q(René Aubert de Vertot),
_d1655-1735
245 1 4 _aThe Revolutions of Portugal
_h[electronic resource] /
_cAbbot de Vertot
260 _bProject Gutenberg,
_c2013
506 _aPublic domain in the USA.
516 _aElectronic text
700 1 _aRoussillon, Gabriel
830 0 _aProject Gutenberg
_v43852
856 4 0 _uhttp://www.gutenberg.org/ebooks/43852
942 _cEB
999 _c273103
_d273103